书目信息 |
| 题名: |
美术教育课程与教学方法探究
|
|
| 作者: | 陈瑞雪 著 | |
| 分册: | ||
| 出版信息: | 北京 研究出版社 2020.8 |
|
| 页数: | 229页 | |
| 开本: | 24cm | |
| 丛书名: | ||
| 单 册: | ||
| 中图分类: | J114 | |
| 科图分类: | ||
| 主题词: | 美术教育--教学研究 | |
| 电子资源: | ||
| ISBN: | 978-7-5199-0792-1 | |
| 000 | 00990nam0 2200241 45 | |
| 001 | 012001001271 | |
| 005 | 20130911085326.0 | |
| 010 | @a978-7-5199-0792-1@dCNY68.00 | |
| 100 | @a20201203d2020 em y0chiy0110 ea | |
| 101 | 0 | @achi |
| 102 | @aCN@b110000 | |
| 105 | @ay z 000yy | |
| 106 | @ar | |
| 200 | 1 | @a美术教育课程与教学方法探究@Amei shu jiao yu ke cheng yu jiao xue fang fa tan jiu@f陈瑞雪著 |
| 210 | @a北京@c研究出版社@d2020.8 | |
| 215 | @a229页@d24cm | |
| 314 | @a陈瑞雪,女,汉族,1976年出生,中共党员。中央美术学院美术教育学硕士研究生。山东艺术学院美术学院美术教育系教师。主讲课程与研究方向:美术教育学、博物馆与美术教育、中外美术教育史、美术教育研究方法、文化遗产与美术教育。 | |
| 330 | @a本书分别对美术教育课程和美术教学方法进行探究,同时,结合时代背景对我国美术教育的发展进行了有效思考。 | |
| 606 | 0 | @a美术教育@x教学研究 |
| 690 | @aJ114@v5 | |
| 701 | 0 | @a陈瑞雪@Achen rui xue@c(女,@f1976-)@4著 |
| 801 | @aCN@b江苏凤凰@c20211018 | |
| 905 | @b1342856-8@dJ114@e158@f3 | |
| 美术教育课程与教学方法探究/陈瑞雪著.-北京:研究出版社,2020.8 |
| 229页;24cm |
| ISBN 978-7-5199-0792-1:CNY68.00 |
| 本书分别对美术教育课程和美术教学方法进行探究,同时,结合时代背景对我国美术教育的发展进行了有效思考。 |
| ● |
| 相关链接 |
|
|
|
|
正题名:美术教育课程与教学方法探究
索取号:J114/158
 
预约/预借
| 序号 | 登录号 | 条形码 | 馆藏地/架位号 | 状态 | 备注 |
| 1 | 1342856 | 213428566 | 第一样本阅览室/ [索取号:J114/158] | 在馆 | |
| 2 | 1342857 | 213428575 | 第一借阅区/ [索取号:J114/158] | 在馆 | |
| 3 | 1342858 | 213428584 | 第一借阅区/ [索取号:J114/158] | 在馆 |